|
|
|
|
| LEADER |
00000nas a22000001a 4500 |
| 001 |
vtls010302562 |
| 003 |
SK-MaSNL |
| 005 |
20260513205852.0 |
| 008 |
110810d19531954xo mr p r 0 b0slo |
| 015 |
|
|
|a SNBDS17XX9999
|
| 015 |
|
|
|a 1882
|2 Balúnová 1945-60
|
| 038 |
|
|
|a SNKBUDS
|
| 040 |
|
|
|a SNK
|b slo
|c SNK
|e AACR2
|
| 041 |
0 |
|
|a slo
|
| 044 |
|
|
|a xo
|c SK
|
| 080 |
|
|
|a 353
|2 2001
|
| 080 |
|
|
|a 331
|2 2001
|
| 245 |
0 |
0 |
|a Vzorný pracovník
|b časopis zamestnancov KNV Nitra
|
| 260 |
|
|
|a Nitra
|b ZO KSS a ZS ROH pri KNV v Nitre
|c 1953-1954
|
| 300 |
|
|
|a 2 roč.
|c 31 x 22 cm
|
| 310 |
|
|
|a 1x mesačne
|
| 362 |
0 |
|
|a Roč. I, č. 1 (15.9.1953)-roč. II, č. 6 (1.7.1954)
|
| 500 |
|
|
|a Vych. v Nitre mesačne
|
| 500 |
|
|
|a Red. Zodp. red. Emil Vojtyla, od 4/II (8. júna 1954) Ondrej Súlety
|
| 500 |
|
|
|a Vyd. ZO KSS a ZS ROH pri KNV v Nitre
|
| 500 |
|
|
|a Tlač. Nitrianske tlačiarne, n. p., Nitra
|
| 500 |
|
|
|a Vych. od 15. sept. 1953. Posl. č. 6/II z 1. júla 1954. Pov. PIO č. 71907/1953 z 28. júla 1953
|
| 505 |
8 |
0 |
|g Roč. I. 1953 4 č. po 4 s.
|
| 505 |
8 |
0 |
|g Roč. II. 1954 6 č. po 4 s.
|
| 580 |
|
|
|a Obnovený časopis Vzorný pracovník verejnej správy, ktorý prestal vych. 30. júna 1952
|
| 650 |
0 |
7 |
|a verejná správa
|2 SNKPH
|9 1538
|
| 650 |
0 |
7 |
|a krajské národné výbory
|2 SNKBUDS
|9 273168
|
| 655 |
|
7 |
|a časopisy verejnej správy
|2 SNKBUDS
|9 273169
|
| 700 |
1 |
|
|a Vojtyla, Emil
|4 pbd
|9 273170
|
| 700 |
1 |
|
|a Súlety, Andrej,
|d 1922-1982
|4 pbd
|9 1638733
|
| 710 |
1 |
|
|a Nitra
|b Krajský národný výbor
|e vydav.
|9 273172
|
| 710 |
2 |
|
|a Nitrianske tlačiarne, n.p. (Nitra, Slovensko)
|e tlač.
|9 268882
|
| 780 |
0 |
0 |
|t Vzorný pracovník verejnej správy
|
| 852 |
|
|
|a SNK
|b 10000
|h 1432
|
| 852 |
|
|
|a UKB
|b 300000
|h SB 1184
|
| 852 |
|
|
|a SVKKK
|b 900000
|h C 418
|
| 999 |
|
|
|c 8933
|d 10863
|